000 00527cam a2200205ua 4500
001 8459
008 150130n ii |||gr||||Z||||||eng
020 _a9788126916849
040 _cMAIN
041 _aeng
082 _a820
100 _aDas, B. Kr.,
_eAuthor.
245 1 _aCritical essays on postcolonial literature
_cBy Bijay Kr.Das
250 _a3rd rev.
260 _aNew Delhi:
_bAtlantic,
_c2012.
300 _a232p.
653 _aEnglish.& Old English literatures
653 _aPostcolonial literature
942 _cBK
999 _c7567
_d7567